[Event "Ontario-ch"]
[Site "Toronto CAN"]
[Date "1988.05.04"]
[Round "5"]
[White "Pacey, Kevin"]
[Black "O'Donnell, Tom"]
[Result "0-1"]
[WhiteElo "2242"]
[BlackElo "2480"]
[PlyCount "60"]
[GameId "2160767912586359"]
[EventDate "1988.04.30"]
[EventType "tourn"]
[EventRounds "9"]
[EventCountry "CAN"]
[SourceTitle "EXT 2022"]
[Source "ChessBase"]
[SourceDate "2021.10.06"]
[SourceVersion "1"]
[SourceVersionDate "2021.10.06"]
[SourceQuality "1"]

1. d4 d5 2. e3 Nf6 3. Bd3 g6 4. c3 Bg7 5. Nd2 O-O 6. f4 c5 7. Ngf3 Nc6 8. O-O Qb6 9. Kh1 Nd7 10. Ng5 Re8 11. Ndf3 Nf8 12. dxc5 Qxc5 13. e4 h6 14. exd5 hxg5 15. dxc6 gxf4 16. Bxf4 e5 17. Re1 bxc6 18. Be3 Qe7 19. Bg5 Qc7 20. Bc4 Be6 21. Qe2 f6 22. Bh4 Rad8 23. Rad1 Bd5 24. Bb3 Ne6 25. c4 Bxf3 26. Qxf3 g5 27. Bf2 c5 28. Ba4 Rf8 29. Bc6 g4 30. Qe4 f5 0-1

[Event "Ontario-ch"]
[Site "Toronto CAN"]
[Date "1988.05.05"]
[Round "6"]
[White "Coakley, Jeff"]
[Black "Bailey, Doug"]
[Result "0-1"]
[WhiteElo "2235"]
[BlackElo "2391"]
[PlyCount "102"]
[GameId "2160767912586360"]
[EventDate "1988.04.30"]
[EventType "tourn"]
[EventRounds "9"]
[EventCountry "CAN"]
[SourceTitle "Chess Chat 1988.05"]

1. b4 e5 2. Bb2 Bxb4 3. Bxe5 Nf6 4. e3 O-O 5. c3 Ba5 6. Qf3 Ne8 7. Bc4 d6 8. Bg3 Nd7 9. d4 Ndf6 10. h3 d5 11. Bd3 c5 12. Ne2 c4 13. Bc2 Qb6 14. Nd2 Qb2 15. Rc1 Bxc3 16. Bxh7+ Kxh7 17. Rxc3 Qxa2 18. e4 dxe4 19. Qf4 b5 20. O-O b4 21. Rcc1 c3 22. Nxc3 bxc3 23. Nxe4 Be6 24. Nxc3 Qa5 25. Ne4 Qf5 26. Qh4+ Kg8 27. Ng5 Rd8 28. Be5 Rd5 29. Rfe1 Nh7 30. Nxh7 Qxh7 31. Qg3 a5 32. Rc5 Qf5 33. Ra1 f6 34. Rxd5 Bxd5 35. Rxa5 Be6 36. Bc7 Qb1+ 37. Kh2 Qb4 38. Ra6 Bc8 39. Ra8 Qb7 40. Ra5 Qxc7 41. Qxc7 Nxc7 42. Kg3 Rd8 43. f4 Rxd4 44. Rc5 Rd7 45. Kh4 Bb7 46. g4 Ne6 47. Rc4 Rd4 48. Rxd4 Nxd4 49. Kh5 Kf7 50. h4 Ne2 51. g5 Bf3# 0-1

[Event "Ontario-ch"]
[Site "Toronto CAN"]
[Date "1988.05.05"]
[Round "6"]
[White "Dean, Andrew"]
[Black "Stone, Raymond"]
[Result "0-1"]
[WhiteElo "1785"]
[BlackElo "2374"]
[PlyCount "88"]
[GameId "2160767912586361"]
[EventDate "1988.04.30"]
[EventType "tourn"]
[EventRounds "9"]
[EventCountry "CAN"]
[SourceTitle "Chess Chat 1988.05"]

1. e4 c5 2. Nf3 Nc6 3. d4 cxd4 4. Nxd4 e6 5. Nb5 d6 6. c4 Nf6 7. N1c3 a6 8. Na3 Be7 9. Be2 O-O 10. O-O b6 11. Be3 Ne5 12. f3 Qc7 13. Qb3 Ned7 14. Rad1 Bb7 15. Rd2 Rfe8 16. Bf2 Red8 17. Rfd1 h6 18. Nab1 Rac8 19. a3 Ba8 20. Qc2 Ne5 21. b3 Nh5 22. c5 bxc5 23. Bxa6 Rb8 24. a4 Qb6 25. Bb5 Bg5 26. Re2 Nf4 27. Ree1 Nc6 28. Na3 Nd4 29. Qb2 Bf6 30. Nc4 Qc7 31. Qc1 g5 32. e5 dxe5 33. Qb1 Bg7 34. Bxd4 Rxd4 35. Rxd4 exd4 36. Ne4 Rd8 37. Qd1 Nd5 38. Qe2 Nf4 39. Qd1 Nd5 40. Qe2 f5 41. Ng3 Nf4 42. Qd2 d3 43. Nb2 Qd6 44. Nd1 Bd5 0-1

[Event "Ontario-ch"]
[Site "Toronto CAN"]
[Date "1988.05.05"]
[Round "6"]
[White "Husain, Imtiaz"]
[Black "Pacey, Kevin"]
[Result "0-1"]
[WhiteElo "2157"]
[BlackElo "2242"]
[PlyCount "116"]
[GameId "2160767912586362"]
[EventDate "1988.04.30"]
[EventType "tourn"]
[EventRounds "9"]
[EventCountry "CAN"]
[SourceTitle "EXT 2022"]
[Source "ChessBase"]
[SourceDate "2021.10.06"]
[SourceVersion "1"]
[SourceVersionDate "2021.10.06"]
[SourceQuality "1"]

1. g3 d5 2. Bg2 c6 3. b3 Nf6 4. Nf3 Bg4 5. O-O Nbd7 6. Bb2 e6 7. c4 Bd6 8. d4 O-O 9. Nbd2 Re8 10. Ne5 Bf5 11. h3 Bb4 12. Ndf3 Be4 13. a3 Ba5 14. Ng5 Nxe5 15. dxe5 Bxg2 16. Kxg2 Nd7 17. f4 h6 18. Nf3 Bb6 19. Qc2 Nc5 20. Nd2 dxc4 21. b4 Nb3 22. Rad1 Nxd2 23. Rxd2 Qe7 24. Qxc4 Red8 25. Rfd1 Rxd2 26. Rxd2 Rd8 27. Rd3 a6 28. Bd4 Bxd4 29. Rxd4 Rxd4 30. Qxd4 Qc7 31. e4 b6 32. Qd6 Qc8 33. Kf3 a5 34. bxa5 bxa5 35. Ke3 a4 36. Qb4 Qa6 37. f5 Qa7+ 38. Qd4 Qe7 39. Qxa4 exf5 40. Kf3 fxe4+ 41. Kxe4 Qe6 42. Qa8+ Kh7 43. a4 f6 44. a5 fxe5 45. a6 Qd5+ 46. Ke3 Qd4+ 47. Ke2 e4 48. Qxc6 Qd3+ 49. Ke1 Qxg3+ 50. Kd1 Qg1+ 51. Kd2 Qf2+ 52. Kc3 Qe1+ 53. Kd4 Qd2+ 54. Ke5 Qb2+ 55. Kf4 Qh2+ 56. Kg4 Qg2+ 57. Kf4 Qg5+ 58. Kxe4 Qg2+ 0-1

[Event "Ontario-ch"]
[Site "Toronto CAN"]
[Date "1988.05.05"]
[Round "6"]
[White "O'Donnell, Tom"]
[Black "Campbell, Brett"]
[Result "1-0"]
[WhiteElo "2408"]
[BlackElo "2312"]
[PlyCount "67"]
[GameId "2160767912586363"]
[EventDate "1988.04.30"]
[EventType "tourn"]
[EventRounds "9"]
[EventCountry "CAN"]
[SourceTitle "Chess Chat 1988.05"]

1. e4 d6 2. d4 Nf6 3. Nc3 Nbd7 4. Be3 e5 5. Bc4 g6 6. f3 exd4 7. Bxd4 Bg7 8. Nge2 O-O 9. Nf4 c6 10. a4 Qc7 11. Qd2 d5 12. exd5 cxd5 13. Bb3 Bh6 14. g3 Re8+ 15. Kf2 Ne5 16. Nfxd5 Qc6 17. Nxf6+ Qxf6 18. Qxh6 Ng4+ 19. Kg2 Qxd4 20. fxg4 Bxg4 21. Rhf1 Be6 22. Qf4 Qd7 23. Bxe6 Rxe6 24. Rad1 Qe7 25. Rf2 Rf8 26. Nd5 Qc5 27. Nf6+ Kg7 28. Nd7 Qc6+ 29. Qf3 Rd8 30. Qxc6 Rxc6 31. Rd3 f6 32. Nxf6 Rxd3 33. Ne8+ Kh6 34. cxd3 1-0

[Event "Ontario-ch"]
[Site "Toronto CAN"]
[Date "1988.05.06"]
[Round "7"]
[White "Pacey, Kevin"]
[Black "Coakley, Jeff"]
[Result "0-1"]
[WhiteElo "2242"]
[BlackElo "2235"]
[PlyCount "94"]
[GameId "2160767912586367"]
[EventDate "1988.04.30"]
[EventType "tourn"]
[EventRounds "9"]
[EventCountry "CAN"]
[SourceTitle "EXT 2022"]
[Source "ChessBase"]
[SourceDate "2021.10.06"]
[SourceVersion "1"]
[SourceVersionDate "2021.10.06"]
[SourceQuality "1"]

1. e4 c6 2. d4 d5 3. exd5 cxd5 4. Bd3 Nf6 5. c3 Nc6 6. Bf4 Bg4 7. Qb3 Qd7 8. Nd2 e6 9. Ngf3 Bxf3 10. Nxf3 a6 11. a4 Be7 12. O-O O-O 13. Rae1 Bd6 14. Bxd6 Qxd6 15. Ne5 Qc7 16. f4 g6 17. Qc2 Ne8 18. Re3 Rc8 19. Qf2 f5 20. Qh4 Nf6 21. Nf3 Ne4 22. Bxe4 fxe4 23. Ng5 Qe7 24. Rh3 Rc7 25. Qg4 Rf5 26. Rxh7 Qxh7 27. Nxh7 Kxh7 28. Qh4+ Kg7 29. g4 Rf8 30. Qg5 Rcf7 31. Kg2 Rf6 32. Kg3 Nd8 33. Qe5 Nc6 34. Qc7+ R8f7 35. Qc8 e5 36. dxe5 Nxe5 37. Qc5 Nd3 38. Qd4 Kh7 39. f5 gxf5 40. g5 f4+ 41. Kg4 Rf5 42. h4 Ne5+ 43. Kh3 Ng6 44. Qg1 f3 45. h5 Nf4+ 46. Kg4 Rxg5+ 47. Kxg5 Nh3+ 0-1

[Event "Ontario-ch"]
[Site "Toronto CAN"]
[Date "1988.05.06"]
[Round "7"]
[White "Stone, Raymond"]
[Black "O'Donnell, Tom"]
[Result "1/2-1/2"]
[WhiteElo "2374"]
[BlackElo "2408"]
[PlyCount "92"]
[GameId "2160767912586368"]
[EventDate "1988.04.30"]
[EventType "tourn"]
[EventRounds "9"]
[EventCountry "CAN"]
[SourceTitle "Chess Chat 1988.05"]

1. d4 d5 2. c4 e6 3. Nf3 c6 4. Nc3 Nf6 5. Bg5 dxc4 6. e4 b5 7. a4 Bb7 8. axb5 cxb5 9. Nxb5 Bb4+ 10. Nc3 Bxe4 11. Bxc4 O-O 12. O-O Bb7 13. Qe2 Re8 14. Rfd1 Nbd7 15. Ne5 h6 16. Bh4 a6 17. Nxd7 Qxd7 18. Bxf6 gxf6 19. Qg4+ Kh7 20. d5 f5 21. dxe6 Qxe6 22. Bxe6 fxg4 23. Bxg4 Re7 24. Nd5 Bxd5 25. Rxd5 Rae8 26. g3 a5 27. Kg2 Kg7 28. Rad1 Ra7 29. R1d4 Rb8 30. Bd1 a4 31. Rh5 Rb6 32. Rhh4 Be7 33. Rhg4+ Kf8 34. Bxa4 Rxb2 35. Rc4 Rb8 36. Rc6 h5 37. Rgc4 Rb4 38. Rxb4 Bxb4 39. Bd1 h4 40. gxh4 Kg7 41. Rc4 Be7 42. Bb3 Rb7 43. Rc3 Rb4 44. Bc4 Bf6 45. Rc2 Rb2 46. Rc1 Bd4 1/2-1/2

[Event "Ontario-ch"]
[Site "Toronto CAN"]
[Date "1988.05.07"]
[Round "8"]
[White "Bailey, Doug"]
[Black "Pacey, Kevin"]
[Result "0-1"]
[WhiteElo "2391"]
[BlackElo "2242"]
[PlyCount "60"]
[GameId "2160767912586369"]
[EventDate "1988.04.30"]
[EventType "tourn"]
[EventRounds "9"]
[EventCountry "CAN"]
[SourceTitle "EXT 2022"]
[Source "ChessBase"]
[SourceDate "2021.10.06"]
[SourceVersion "1"]
[SourceVersionDate "2021.10.06"]
[SourceQuality "1"]

1. e4 e5 2. Nf3 Nc6 3. Bb5 a6 4. Ba4 Nf6 5. O-O b5 6. Bb3 Bc5 7. c3 Nxe4 8. d4 Be7 9. dxe5 O-O 10. Bd5 Nc5 11. Bf4 Bb7 12. Re1 d6 13. b4 dxe5 14. Bxc6 Qxd1 15. Rxd1 exf4 16. Ne5 Rad8 17. Re1 Nd3 18. Bxb7 Nxe1 19. Na3 Bf6 20. Nc6 Bxc3 21. Rc1 Bd2 22. Rd1 Rd3 23. Nb1 Bxb4 24. Rc1 Nc2 25. Bxa6 Nd4 26. Ne5 Ne2+ 27. Kf1 Nxc1 28. Nxd3 Nxd3 29. Bxb5 Ne5 30. a3 Ba5 0-1

[Event "Ontario-ch"]
[Site "Toronto CAN"]
[Date "1988.05.07"]
[Round "8"]
[White "Coakley, Jeff"]
[Black "Campbell, Brett"]
[Result "1-0"]
[WhiteElo "2235"]
[BlackElo "2312"]
[PlyCount "87"]
[GameId "2160767912586370"]
[EventDate "1988.04.30"]
[EventType "tourn"]
[EventRounds "9"]
[EventCountry "CAN"]
[SourceTitle "Chess Chat 1988.05"]

1. e4 Nf6 2. e5 Nd5 3. c4 Nb6 4. d4 d6 5. exd6 cxd6 6. Be3 g6 7. d5 N8d7 8. Bd4 Nf6 9. Nc3 Bg7 10. Nf3 O-O 11. Bd3 e5 12. dxe6 fxe6 13. O-O e5 14. Be3 Qe7 15. Re1 Be6 16. Bxb6 axb6 17. Ne4 Nh5 18. Be2 Rad8 19. Nfg5 Nf4 20. Nxe6 Qxe6 21. b3 b5 22. Bg4 Qe7 23. g3 h5 24. Be2 d5 25. cxd5 Rxd5 26. Qc2 Ne6 27. Rac1 Bh6 28. Nc3 Rd6 29. Nxb5 Rb6 30. Qxg6+ Qg7 31. Qxg7+ Kxg7 32. Rcd1 h4 33. Rd6 Rxd6 34. Nxd6 b6 35. Bg4 Kf6 36. Bxe6 hxg3 37. hxg3 Kxe6 38. Nc4 Bg7 39. f4 e4 40. Rxe4+ Kd5 41. Re7 Bd4+ 42. Kg2 b5 43. Nd2 Ra8 44. Rd7+ 1-0

[Event "Ontario-ch"]
[Site "Toronto CAN"]
[Date "1988.05.08"]
[Round "9"]
[White "Campbell, Brett"]
[Black "Bailey, Doug"]
[Result "0-1"]
[WhiteElo "2312"]
[BlackElo "2391"]
[PlyCount "78"]
[GameId "2160767912586373"]
[EventDate "1988.04.30"]
[EventType "tourn"]
[EventRounds "9"]
[EventCountry "CAN"]
[SourceTitle "Chess Chat 1988.05"]

1. g3 Nf6 2. Bg2 d5 3. d3 g6 4. Bd2 Bg7 5. Qc1 h6 6. Nf3 c5 7. c4 d4 8. O-O Nc6 9. Na3 Be6 10. Nc2 a5 11. b3 Qc8 12. Re1 Bh3 13. Bh1 Ng4 14. a3 Qf5 15. b4 b6 16. Rb1 h5 17. bxc5 bxc5 18. Rb6 Rc8 19. Bf4 Nce5 20. Ng5 h4 21. Be4 Qd7 22. gxh4 Rxh4 23. Bg3 Rh5 24. Nxh3 Rxh3 25. Bg2 Rh5 26. Qb2 Kf8 27. f4 Nxc4 28. Rb7 Qd8 29. Qa2 Nd6 30. Rbb1 Ne3 31. Bf3 Rh7 32. Nxe3 dxe3 33. Qd5 e6 34. Qa2 Nf5 35. Rb7 Bd4 36. Reb1 g5 37. Ra7 Nxg3 38. hxg3 gxf4 39. Rbb7 Qg5 0-1

[Event "Ontario-ch"]
[Site "Toronto CAN"]
[Date "1988.05.08"]
[Round "9"]
[White "Stone, Raymond"]
[Black "Coakley, Jeff"]
[Result "1/2-1/2"]
[WhiteElo "2374"]
[BlackElo "2235"]
[PlyCount "84"]
[GameId "2160767912586375"]
[EventDate "1988.04.30"]
[EventType "tourn"]
[EventRounds "9"]
[EventCountry "CAN"]
[SourceTitle "Chess Chat 1988.05"]

1. c4 Nf6 2. d4 e6 3. Nf3 Bb4+ 4. Bd2 Bxd2+ 5. Qxd2 O-O 6. Nc3 d6 7. g3 Nc6 8. Bg2 e5 9. O-O Bg4 10. d5 Bxf3 11. Bxf3 Ne7 12. e4 a5 13. Bg2 Nd7 14. Bh3 Nc5 15. f4 Kh8 16. fxe5 dxe5 17. Rf2 Nc8 18. Bxc8 Rxc8 19. Raf1 f6 20. Qe3 b6 21. g4 Qe7 22. Ne2 Nb7 23. Ng3 Qc5 24. Qxc5 Nxc5 25. Rf3 Rfe8 26. Kf2 Nb7 27. Ke3 h6 28. h4 Kg8 29. g5 hxg5 30. hxg5 fxg5 31. Nf5 Nd6 32. b3 a4 33. Nxd6 cxd6 34. Rg1 axb3 35. axb3 b5 36. Kd3 bxc4+ 37. bxc4 Rc7 38. Rf5 Ra8 39. Rfxg5 Ra3+ 40. Kd2 Ra2+ 41. Kc3 Ra3+ 42. Kd2 Ra2+ 1/2-1/2

[Event "Ontario-ch"]
[Site "Toronto CAN"]
[Date "1988.05.09"]
[Round "9"]
[White "Dean, Andrew"]
[Black "O'Donnell, Tom"]
[Result "1/2-1/2"]
[WhiteElo "1785"]
[BlackElo "2408"]
[PlyCount "46"]
[GameId "2160767912586376"]
[EventDate "1988.04.30"]
[EventType "tourn"]
[EventRounds "9"]
[EventCountry "CAN"]
[SourceTitle "Chess Chat 1988.05"]

1. e4 c5 2. Nf3 d6 3. d4 cxd4 4. Nxd4 Nf6 5. Nc3 g6 6. Be3 Bg7 7. f3 Nc6 8. Qd2 O-O 9. Bc4 Bd7 10. O-O-O Rc8 11. Bb3 Ne5 12. h4 h5 13. Bg5 Rc5 14. g4 hxg4 15. f4 Nc4 16. Qe2 b5 17. f5 gxf5 18. exf5 Re5 19. Qf2 Qc8 20. Rhe1 b4 21. Bxf6 bxc3 22. Bxg7 Kxg7 23. Qf4 Rg8 1/2-1/2

[Event "Outaouais op"]
[Site "Hull CAN"]
[Date "1988.11.18"]
[Round "1"]
[White "Findlay, Ian"]
[Black "Veltmann, Martin"]
[Result "1-0"]
[WhiteElo "2430"]
[BlackElo "2044"]
[PlyCount "84"]
[GameId "2160767912520178"]
[EventDate "1988.11.19"]
[EventType "swiss"]
[EventRounds "5"]
[EventCountry "CAN"]
[SourceTitle "mv"]

1. e4 c5 2. Nf3 Nc6 3. d4 cxd4 4. Nxd4 Nf6 5. Nc3 d6 6. Bg5 e6 7. Qd2 Bd7 8. O-O-O Nxd4 9. Qxd4 Qa5 10. f4 Rc8 11. e5 dxe5 12. fxe5 Bc6 13. Bb5 Nd5 14. Nxd5 Bxb5 15. Nc3 Bc6 16. Kb1 Bc5 17. Qg4 Qb4 18. Qg3 h5 19. Bf4 O-O 20. h3 Rfd8 21. Bg5 Rxd1+ 22. Rxd1 Bd4 23. a3 Qb6 24. Bh6 g6 25. Rd3 Bxc3 26. Rxc3 Qg1+ 27. Bc1 Rd8 28. Qg5 Rd1 29. g4 h4 30. b3 Qe1 31. Kb2 Qe4 32. Qf6 Qh1 33. Qg5 a5 34. a4 Qe1 35. Qf4 Rxc1 36. Qxc1 Qxe5 37. Qe3 Qf6 38. g5 Qg7 39. Kb1 e5 40. Rc5 e4 41. Rxa5 Qf8 42. Qd4 Kh7 1-0

[Event "Outaouais op"]
[Site "Hull CAN"]
[Date "1988.11.18"]
[Round "2"]
[White "Veltmann, Martin"]
[Black "Armstrong, John"]
[Result "0-1"]
[WhiteElo "2044"]
[BlackElo "2213"]
[PlyCount "108"]
[GameId "2160767912520180"]
[EventDate "1988.11.19"]
[EventType "swiss"]
[EventRounds "5"]
[EventCountry "CAN"]
[SourceTitle "mv"]

1. e4 d6 2. d4 Nf6 3. Nc3 g6 4. f4 Bg7 5. Nf3 c5 6. dxc5 Qa5 7. Bd2 Qxc5 8. Bd3 Bg4 9. h3 Bxf3 10. Qxf3 O-O 11. Be3 Qa5 12. O-O Nc6 13. g4 Nd7 14. Nd1 Nc5 15. Qf2 Nxd3 16. cxd3 Qb5 17. d4 Qd3 18. Nc3 Bxd4 19. Bxd4 Qxd4 20. Rad1 Qxf2+ 21. Rxf2 Rfd8 22. Rfd2 Kf8 23. Kf2 Rac8 24. Nd5 h6 25. h4 Na5 26. b3 e6 27. Ne3 Ke7 28. h5 b5 29. hxg6 fxg6 30. f5 gxf5 31. gxf5 Nb7 32. b4 Rc3 33. Rh1 Rh8 34. fxe6 Kxe6 35. Nd5 Rc4 36. Ke3 Nd8 37. Nf4+ Kd7 38. Ng6 Re8 39. Rxh6 Rexe4+ 40. Kf3 Red4 41. Rh7+ Kc8 42. Re2 Rc3+ 43. Kf2 Rc7 44. Rh8 Rf7+ 45. Ke1 Kd7 46. Nf8+ Kc6 47. Re8 Nb7 48. Rc8+ Kb6 49. a3 Re7+ 50. Kf2 Rf4+ 51. Kg3 Rc4 52. Rxc4 bxc4 53. a4 c3 54. Kf4 c2 0-1

[Event "Outaouais op"]
[Site "Hull CAN"]
[Date "1988.11.19"]
[Round "3"]
[White "Findlay, Ian"]
[Black "Leveille, Francois"]
[Result "1/2-1/2"]
[WhiteElo "2418"]
[BlackElo "2324"]
[PlyCount "85"]
[GameId "2160767912520183"]
[EventDate "1988.11.19"]
[EventType "swiss"]
[EventRounds "5"]
[EventCountry "CAN"]
[SourceTitle "Matou #22"]

1. e4 c5 2. Nf3 d6 3. d4 cxd4 4. Nxd4 Nf6 5. Nc3 a6 6. Bg5 e6 7. Qe2 Qc7 8. f4 Nbd7 9. O-O-O b5 10. g4 Bb7 11. Bg2 b4 12. Nd5 exd5 13. exd5+ Kd8 14. Rhe1 Qc5 15. Qe8+ Kc7 16. Qxf7 Kb6 17. Bxf6 Nxf6 18. g5 Bxd5 19. Bxd5 Qxd5 20. Ne6 Ra7 21. Qxf8 Rxf8 22. Rxd5 Nxd5 23. Nxf8 Rf7 24. Nxh7 Rxf4 25. Re2 Kc5 26. Kd2 a5 27. g6 Rg4 28. Nf8 Nf4 29. Ne6+ Nxe6 30. Rxe6 Kd5 31. Re7 Rxg6 32. Ra7 Rh6 33. Rxa5+ Ke4 34. b3 Rxh2+ 35. Kc1 Kf4 36. Rb5 g5 37. Rxb4+ Kf3 38. Rb7 g4 39. Rf7+ Ke3 40. Rg7 Kf3 41. Rf7+ Ke3 42. Rg7 Kf3 43. Rf7+ 1/2-1/2

[Event "Outaouais op"]
[Site "Hull CAN"]
[Date "1988.11.19"]
[Round "4"]
[White "Nguyen, Tuong"]
[Black "Veltmann, Martin"]
[Result "0-1"]
[WhiteElo "1868"]
[BlackElo "2044"]
[PlyCount "64"]
[GameId "2160767912520184"]
[EventDate "1988.11.19"]
[EventType "swiss"]
[EventRounds "5"]
[EventCountry "CAN"]
[SourceTitle "mv"]

1. d4 Nf6 2. b3 d5 3. Bb2 Bf5 4. a3 e6 5. Nf3 Bd6 6. Nbd2 O-O 7. Nh4 Bg6 8. Nxg6 hxg6 9. e3 Nbd7 10. Nf3 c5 11. c3 Rc8 12. Bd3 c4 13. bxc4 dxc4 14. Bc2 b5 15. Qe2 e5 16. Rd1 e4 17. Ng5 Re8 18. O-O Nb6 19. Bc1 Nbd5 20. f3 Nxc3 21. Qe1 Nxd1 22. Bxd1 exf3 23. Rxf3 Bb8 24. Rh3 Qxd4 25. Rh4 Qe5 26. e4 Rcd8 27. Nf3 Qc5+ 28. Kh1 Nxe4 29. Be3 Rxd1 30. Bxc5 Rxe1+ 31. Nxe1 Nxc5 32. Nf3 c3 0-1

[Event "Outaouais op"]
[Site "Hull CAN"]
[Date "1988.11.19"]
[Round "5"]
[White "Masic, Zivomir"]
[Black "Veltmann, Martin"]
[Result "1/2-1/2"]
[WhiteElo "2048"]
[BlackElo "2044"]
[PlyCount "108"]
[GameId "2160767912520186"]
[EventDate "1988.11.19"]
[EventType "swiss"]
[EventRounds "5"]
[EventCountry "CAN"]
[SourceTitle "mv"]

1. d4 Nf6 2. Nf3 e6 3. Bg5 d5 4. e3 Be7 5. c4 O-O 6. Nc3 h6 7. Bh4 b6 8. Bd3 Bb7 9. Bxf6 Bxf6 10. cxd5 exd5 11. Rc1 c5 12. dxc5 bxc5 13. O-O Nd7 14. Bb1 Nb6 15. Qc2 g6 16. Ne2 Rc8 17. Nf4 Bg7 18. Nh5 Qe7 19. Nxg7 Kxg7 20. Rfd1 Qf6 21. Qc3 Rfd8 22. Qa3 d4 23. exd4 Bxf3 24. Qxf3 Qxf3 25. gxf3 cxd4 26. Kg2 Rxc1 27. Rxc1 Na4 28. Rc2 Kf6 29. Rd2 a5 30. f4 Nb6 31. Bd3 Rc8 32. Ba6 Rd8 33. Kf3 Na4 34. Bb5 Nc5 35. Rc2 Ne6 36. Bd3 g5 37. fxg5+ hxg5 38. Rc6 Ke5 39. Rb6 Rd5 40. Bc4 Rc5 41. Rb5 Rxb5 42. Bxb5 f5 43. a3 g4+ 44. Ke2 Nf4+ 45. Kd2 Nh3 46. Ke2 Ng1+ 47. Kf1 Nf3 48. Kg2 Kf4 49. Be2 d3 50. Bd1 Ne5 51. b4 axb4 52. axb4 Nc4 53. Bb3 Nb6 54. Kf1 Ke5 1/2-1/2

[Event "Outremont op"]
[Site "Montreal CAN"]
[Date "1988.03.05"]
[Round "2"]
[White "Loadman, Ian"]
[Black "Clement, Michel"]
[Result "1-0"]
[WhiteElo "1822"]
[BlackElo "1853"]
[PlyCount "57"]
[GameId "2160767912586476"]
[EventDate "1988.03.04"]
[EventType "swiss"]
[EventRounds "5"]
[EventCountry "CAN"]
[SourceTitle "hb 2009.06"]

1. d4 f5 2. Nf3 Nf6 3. g3 e6 4. Bg2 Be7 5. O-O O-O 6. c4 d6 7. Nc3 Qe8 8. Re1 Qh5 9. e4 fxe4 10. Nxe4 Nxe4 11. Rxe4 Bd7 12. Bf4 a5 13. Ng5 Qxd1+ 14. Rxd1 Bxg5 15. Bxg5 a4 16. Bd2 Nc6 17. Bc3 Rae8 18. Bh3 Nd8 19. Rde1 Re7 20. f4 Rf6 21. d5 Rh6 22. Bxe6+ Nxe6 23. f5 Rh5 24. fxe6 Be8 25. Rf1 Bg6 26. Ref4 h6 27. Rf8+ Kh7 28. Rd8 Rf5 29. Rd7 1-0

[Event "Outremont op"]
[Site "Montreal CAN"]
[Date "1988.03.05"]
[Round "3"]
[White "Giroux, Robert"]
[Black "Clement, Michel"]
[Result "0-1"]
[WhiteElo "1779"]
[BlackElo "1853"]
[PlyCount "32"]
[GameId "2160767912586477"]
[EventDate "1988.03.04"]
[EventType "swiss"]
[EventRounds "5"]
[EventCountry "CAN"]
[SourceTitle "hb 2009.06"]

1. e4 e5 2. Nf3 Nc6 3. d4 exd4 4. Bc4 Be7 5. O-O d6 6. Nxd4 Nxd4 7. Qxd4 Bf6 8. Qe3 Ne7 9. Qb3 O-O 10. Nc3 Nc6 11. Be3 Na5 12. Qb4 c5 13. Qa4 a6 14. Rad1 Bd7 15. Nb5 Nxc4 16. Qxc4 axb5 0-1

[Event "Outremont op"]
[Site "Montreal CAN"]
[Date "1988.03.06"]
[Round "4"]
[White "Clement, Michel"]
[Black "Pare, Jean"]
[Result "1-0"]
[WhiteElo "1853"]
[BlackElo "1877"]
[PlyCount "49"]
[GameId "2160767912586478"]
[EventDate "1988.03.04"]
[EventType "swiss"]
[EventRounds "5"]
[EventCountry "CAN"]
[SourceTitle "hb 2009.06"]

1. d4 Nf6 2. c4 c5 3. d5 d6 4. Nc3 e6 5. e4 exd5 6. cxd5 g6 7. Be2 Bg7 8. Bf4 a6 9. a4 O-O 10. Nf3 Re8 11. Nd2 Qc7 12. O-O Nbd7 13. Rc1 Rb8 14. Re1 Ne5 15. h3 Bd7 16. Be3 b5 17. f4 Nc4 18. Nxc4 bxc4 19. Qc2 Nxe4 20. Nxe4 Rxb2 21. Qxc4 Rb4 22. Qxb4 cxb4 23. Rxc7 Rxe4 24. Rxd7 Bc3 25. Bd3 1-0

[Event "Outremont op"]
[Site "Montreal CAN"]
[Date "1988.03.06"]
[Round "5"]
[White "Rosenberg, N."]
[Black "Clement, Michel"]
[Result "0-1"]
[WhiteElo "1814"]
[BlackElo "1853"]
[PlyCount "124"]
[GameId "2160767912586479"]
[EventDate "1988.03.04"]
[EventType "swiss"]
[EventRounds "5"]
[EventCountry "CAN"]
[SourceTitle "hb 2009.06"]

1. d4 f5 2. Qd3 d5 3. g3 Nf6 4. Bg2 e6 5. Nf3 Bd6 6. O-O O-O 7. c4 c6 8. b3 Ne4 9. Ba3 b6 10. Bxd6 Qxd6 11. Nbd2 Ba6 12. e3 Nd7 13. Rfc1 Rac8 14. Ne1 c5 15. Nxe4 fxe4 16. Qd1 Nf6 17. cxd5 exd5 18. Bh3 Rc7 19. dxc5 bxc5 20. Ng2 Bc8 21. Bxc8 Rfxc8 22. Nf4 d4 23. exd4 cxd4 24. Rxc7 Rxc7 25. Rc1 d3 26. Rxc7 Qxc7 27. Nxd3 exd3 28. Qxd3 Kf7 29. Qe3 a6 30. Qd2 Qc6 31. Qe3 g6 32. Qa7+ Ke6 33. Qe3+ Kf7 34. Qa7+ Nd7 35. Qd4 h5 36. b4 Qc1+ 37. Kg2 Qc6+ 38. Kg1 Qe6 39. a4 Ne5 40. Qf4+ Qf5 41. Qe3 Qb1+ 42. Kg2 Kf6 43. Qf4+ Ke6 44. Qd4 Qg1+ 45. Kxg1 Nf3+ 46. Kg2 Nxd4 47. Kh3 Kd5 48. g4 Kc4 49. b5 Nxb5 50. gxh5 gxh5 51. f4 Nd6 52. Kh4 Kb4 53. Kxh5 Kxa4 54. Kg6 Kb5 55. h4 Kc6 56. f5 Kd7 57. h5 Ke8 58. Kf6 a5 59. Ke5 Nxf5 60. h6 Kf8 61. Kxf5 a4 62. Kg6 Kg8 0-1

[Event "Paul Keres active"]
[Site "Toronto CAN"]
[Date "1988.10.23"]
[Round "1"]
[White "Vransevic, Danica"]
[Black "Veltmann, Martin"]
[Result "1-0"]
[WhiteElo "2011"]
[BlackElo "2002"]
[PlyCount "43"]
[GameId "2160767912520240"]
[EventDate "1988.10.23"]
[EventType "swiss (rapid)"]
[EventRounds "5"]
[EventCountry "CAN"]
[SourceTitle "mv"]

1. d4 Nf6 2. c4 e6 3. Nc3 c5 4. d5 exd5 5. cxd5 d6 6. e4 g6 7. f4 Bg7 8. Nf3 O-O 9. Be2 Re8 10. e5 dxe5 11. fxe5 Ng4 12. Bg5 Qb6 13. O-O Nxe5 14. d6 Be6 15. Nd5 Nxf3+ 16. Bxf3 Qxb2 17. Rb1 Qd4+ 18. Qxd4 Bxd4+ 19. Kh1 Nd7 20. Nc7 Bxa2 21. Rxb7 Be6 22. Nxa8 1-0

[Event "Paul Keres active"]
[Site "Toronto CAN"]
[Date "1988.10.23"]
[Round "2"]
[White "Veltmann, Martin"]
[Black "Kaminker, Harry"]
[Result "0-1"]
[Annotator ",Hugh"]
[WhiteElo "2002"]
[BlackElo "2297"]
[PlyCount "86"]
[GameId "2160767740584202"]
[EventDate "1988.10.23"]
[EventType "swiss (rapid)"]
[EventRounds "5"]
[EventCountry "CAN"]
[SourceTitle "mv"]

1. c4 e5 2. Nc3 Bb4 3. g3 Ne7 4. Bg2 Nbc6 5. e3 Bxc3 6. bxc3 b6 7. Ne2 O-O 8. O-O Rb8 9. d3 Na5 10. e4 d6 11. f4 exf4 12. gxf4 f5 13. Ng3 Kh8 14. Qh5 Qe8 15. Qxe8 Rxe8 16. Bd2 c5 17. Rae1 g6 18. Re2 Kg7 19. exf5 Bxf5 20. Rfe1 Kf7 21. Ne4 Bxe4 22. Bxe4 Nf5 23. Bd5+ Kf8 24. Kf2 Rxe2+ 25. Rxe2 Nb7 26. Kf3 Nd8 27. Be1 Nf7 28. a4 h5 29. Ra2 N7h6 30. h3 Kg7 31. Bf2 Re8 32. a5 bxa5 33. Rxa5 Re7 34. d4 cxd4 35. cxd4 Ng8 36. Bxg8 Kxg8 37. d5 Rc7 38. Ra4 Rb7 39. Rxa7 Rb3+ 40. Kg2 Rc3 41. Rc7 Rc2 42. Kf3 Rc3+ 43. Ke4 Rxh3 {Time} 0-1